00504nam a22001217a 4500008004100000020001500041050002200056245019200078260004300270300002200313440002400335700002300359140827b xxu||||| |||| 00| 0 eng d a0406091773 aKD275.4.L39(1902) aThe Law Reports, Appeal Cases of the Incorporated Council of Law Reporting(1902): House of Lords, Judicial Committee of the Privy Council and Peerage Cases. /cedited by Frederick Pollock aLondon:bButterworth & Co. Ltd,c1902. axii, 596p.c24cm. pAppeal cases, 1902. aPollock, Frederick